El futuro de nuestro pasado: los místicos españoles desde América Latina

Saved in:
Bibliographic Details
Main Author: Galilea, Segundo (Author)
Format: Book
Language:Spanish
Published: Madrid Narcea 1985
Subjects:
Tags: Add Tag
No Tags, Be the first to tag this record!

MARC

LEADER 00000nam a2200000 a 4500
001 UCZ7948
003 CL-VaPUC
008 960112e19850000SP |||||||||||||||||spa|d
082 0 4 |a 261.1  |b GAL  |2 21 
100 |a Galilea, Segundo  |e author  |9 584097 
245 1 3 |a El futuro de nuestro pasado: los místicos españoles desde América Latina 
300 |a 106 p 
942 |c BK 
945 |d 19960112 00:00:00  |a cmena 
260 |a Madrid  |b Narcea  |c 1985 
600 0 |a Dios  |9 314467 
650 0 |a Iglesia Católica  |9 256114 
650 0 |a Doctrina social de la iglesia  |9 257333 
650 0 |a Libre albedrío  |9 334583 
650 0 |a Amor  |9 257817 
650 0 |a Creencia Religiosa  |9 316904 
651 0 |a España  |9 254926 
583 |a last modification  |c 19960112 00:00:00  |k Rodrigo Vera 
999 |c 243921  |d 243919